Mastery of management; how to avoid obsolescence by preparing for tommorrow’s management today
সংরক্ষণ করুন:
| বিন্যাস: | গ্রন্থ |
|---|---|
| ভাষা: | Undetermined |
| প্রকাশিত: |
Homewood
Dow Jones-Irwin
1968
|
| বিষয়গুলি: | |
| ট্যাগগুলো: |
ট্যাগ যুক্ত করুন
কোনো ট্যাগ নেই, প্রথমজন হিসাবে ট্যাগ করুন!
|
| Thư viện lưu trữ: | Trung tâm Học liệu Trường Đại học Cần Thơ |
|---|
| LEADER | 00465nam a2200157Ia 4500 | ||
|---|---|---|---|
| 001 | CTU_87057 | ||
| 008 | 210402s9999 xx 000 0 und d | ||
| 082 | |a 658 | ||
| 082 | |b M423 | ||
| 245 | 0 | |a Mastery of management; how to avoid obsolescence by preparing for tommorrow’s management today | |
| 260 | |a Homewood | ||
| 260 | |b Dow Jones-Irwin | ||
| 260 | |c 1968 | ||
| 650 | |a Management | ||
| 910 | |a Năm | ||
| 980 | |a Trung tâm Học liệu Trường Đại học Cần Thơ | ||